Hebei Province Quiz - Statistics

General Stats
  • This quiz has been taken 46 times
  • The average score is 8 of 10
Answer Stats
Hint Answer % Correct
Capital city Shijia{zhuang}
97%
"Hebei" means "North of the River". Which river? Yellow River
97%
Mega-municipalities that are surrounded by Hebei Beijing
92%
Tianjin
89%
This historic fortification ends in Hebei Great Wall
84%
7 out of China's most _____ cities are in Hebei (hint: air) Polluted
84%
Disaster that killed 240,000 in 1976. It was the deadliest of its kind in the 20th century. Earthquake
81%
This canal, the largest in the world, passes through Hebei Grand Canal
78%
Hebei borders Bohai, which is part of the Yellow Sea. What kind of body of water is Bohai? A bay
68%
Ding ware was widely famed in medieval times. It is made of this material. Porcelain
49%
No matching quizzes found
Score Distribution
Percent of People with Each Score
Percentile by Number Answered
Your Score History
You have not taken this quiz